00718nam a22002297a 450000500170000001000130001702000190003003500130004903700160006204000120007808200170009024500920010726000470019927000730024630000240031950000510034365000320039465000150042670000160044170000160045770000150047320170124105928.0 aA-371751 c00a8171690157 aA-371751 bCen Lib/Ret aDPLbEN a320.954bGUP aConfrontational politics in india /cedited by A.L. Gupta, R.C. Saini [and] R.K. Gupta  aCommonwealth Publishers bNew Delhi c1989 bNew Delhi a4378/4B, Gali-Murarilal, Ansari Road Dariya Ganje110002 axv, 327p.c20cm(Hb) aIncludes bibliographical references and index  aPolitical sciences yIndia  aFederalism aGupta, A.L. aSaini, R.C. aGupta R.K.